000 00729nam a2200205Ii 4500
003 JO-AjNU
008 230605s9999||||xx |||||||||||||| ||und||
040 _aJO-AjNU
_bara
_erda
_cJO-AjNU
041 _aara
050 1 4 _aBP166.93 2001
100 3 _aالرضوي، محمد حسين,
_eauthor
_956357
245 0 0 _aالمهدي الموعود في القرآن الكريم
250 _aط1
264 3 1 _aبيروت: دار الهادي للطباعة والنشر والتوزيع، 2001
300 _a231ص
336 _atext
_btxt
_2rdacontent
337 _aunmediated
_bn
_2rdamedia
338 _avolume
_bnc
_2rdacarrier
650 4 _aالمهدي المنتظر- المسيح الدجال- يوم القيامة
_956358
999 _aA25191
_c28759
_d28759